Paesi più Grandi della Nigeria - Statistics

Statistiche generali
  • Questo quiz è stato fatto 41 volte
  • Il punteggio medio è 26 su 30
Statistiche sulle risposte
Superficie Paese % Corretto
8,514,877 Brasile
100%
9,984,670 Canada
100%
17,098,242 Russia
100%
9,826,675 Stati Uniti
100%
2,381,741 Algeria
93%
2,780,400 Argentina
93%
7,741,220 Australia
93%
9,596,961 Cina
93%
1,001,450 Egitto
93%
3,287,263 India
93%
1,904,569 Indonesia
93%
1,759,540 Libia
93%
2,344,858 Rep. Dem. del Congo
93%
1,219,090 Sudafrica
93%
1,246,700 Angola
86%
2,149,690 Arabia Saudita
86%
1,648,195 Iran
86%
2,724,900 Kazakistan
86%
1,964,375 Messico
86%
1,564,116 Mongolia
86%
1,861,484 Sudan
86%
1,138,910 Colombia
79%
1,104,300 Etiopia
79%
1,240,192 Mali
79%
1,030,700 Mauritania
79%
947,300 Tanzania
79%
1,284,000 Ciad
71%
1,267,000 Niger
71%
1,285,216 Perù
71%
1,098,581 Bolivia
64%
Nessun quiz corrispondente trovato
Distribuzione punteggi
Percentuale di utenti per punteggio
Percentile per numero di risposta
I tuoi punteggi nel tempo
Non hai fatto questo quiz